| 000 | 00380nam a2200145Ia 4500 | ||
|---|---|---|---|
| 008 | 230711s9999||||xx |||||||||||||| ||und|| | ||
| 041 | _aENG | ||
| 082 |
_a624 _bSR-H |
||
| 100 | _aSrinivasan R | ||
| 245 | 0 | _aHarbour Dock & Tunnel Engineering | |
| 250 | _a16th . Ed. | ||
| 260 |
_c1999 _aNew Delhi _bCharotar Publishing House PVT.LTD |
||
| 650 | _aCivil Engineering | ||
| 942 | _cBK | ||
| 999 |
_c3788 _d3788 |
||